00749 a2200193 4500010001400000020002300014035001300037037001500050082000800065100002000073245008300093260007400176270011500250300003100365520004000396700003100436710005800467710003000525 aENG-86296 a8172149514c295.00 aEN-69829 bDBAD / PUB14a9201 aMeagher, Paddy,10aPaddy fields and a grain of rice /cby Paddy Meagher; ed. by Francis Gonsalves aDelhibVIEWS bIndian Society for Promoting Christian Knowledgec2006 aPost Box No. 1585, 1654, Madarsa Road, Kashmere GatebDelhie110006k23866323l23865490mispck@nde.vsnl.net.in axii, 317 p. c25 cm. (Pbk) aCritical interpretation of Gospels.1 aGonsalves, Francis,d1960-2 aVidyajyoti Education & Welfare Society (Delhi, India)2 aI.S.P.C.K. (Organization)